000
00305nam a22001337a 4500
008
181218b xxu||||| |||| 00| 0 eng d
020
_a
155798039-X
041
_a
eng
080
_a
159.9
100
_a
48
101
_a
PSI
245
_a
Teaching A Psychology Of People
_c
Bronstein,P
942
_2
udc
_c
BK
999
_c
53357
_d
53357